00736 2200277 4500001002100000005001700021008004100038035002400079082001200103090002200115100001900137245007800156250001800234260003000252300002200282440002200304500002600326650001500352850001500367980001500382985000600397986001000403999001500413999001500428999001500443YOGYA-0209000006396520090227040237.0 ind  0010-020900000063965 a343.096 a343.096bSuj HlT aSujono, Wiwoho aHukum pengangkutan laut di Indonesia dan perkembangannyacWiwoho Soedjono aEd. 1, cet. 1 aYogyakartabLibertyc1987 avi, 83 hlmc21 cm aSeri Hukum Dagang aBibliografi : hlm. 83 aHukum Laut aYOPDYOG(B) a27-09-2006 a3 aMrref a95P0066666 a95P0066667 a95P0066668